000 00639nam a22002417a 4500
003 UA-OsUOA
001 72948
007 ta
008 20110204b un ||||| |||| 00| 0 ukr d
100 _aХиггс Р.
090 _a328(73)+94(73)
_bХ42
942 _cBK
040 _aUA-OsUOA
_brus
_cUA-OsUOA
_dUA-OsUOA
245 _aКризис и Левиафан
300 _a500 с.
955 _a2
041 _arus
080 _a328(73)+94(73)
020 _a978-5-244-01135-7
260 _aМ.
_bМысль
_c2010
650 7 _a328 Парламенти. Представництво народу. Уряди
_2UDC
999 _c359231
_d359231